|
|
|
|
| LEADER |
00000nam a22000007a 4500 |
| 005 |
20211102212359.0 |
| 007 |
cr|||| ||| |
| 008 |
211102s2018 es |||||s|||| 00||0 spa d |
| 020 |
|
|
|a 978-84-1381-188-8
|
| 035 |
|
|
|a 33622
|
| 040 |
|
|
|a vLex
|
| 090 |
|
|
|c 12624
|d 12624
|
| 100 |
1 |
|
|a Otegui Jùregui, Kattalin
|
| 245 |
1 |
3 |
|a Los conflictos permanentes de interš entre el administrador y la sociedad
|h [Recurso electrn̤ico] /
|c Kattalin Otegui Jùregui
|
| 256 |
|
|
|a Servicio en ln̕ea
|
| 260 |
|
|
|a Madrid:
|b Marcial Pons,
|c 2018
|
| 300 |
|
|
|a 1 recurso electrn̤ico
|
| 500 |
|
|
|a La entrada en vigor de la Ley 31/2014, de 3 de diciembre, por la que se modifica la Ley de Sociedades de Capital para la mejora del gobierno corporativo, ha trad̕o consigo una reforma de calado en el m̀bito del deber de lealtad de los administradores. El deseo de ampliar la proteccin̤ del interš social en la gestin̤ de las sociedades de capital ha quedado cristalizado en una regulacin̤ sustantiva y pormenorizada de este deber fiduciario que ha venido a reforzar el rǧimen de responsabilidad en este m̀bito. La obra que el lector tiene en sus manos analiza la referida ordenacin̤ sustantiva de la lealtad de los administradores, en particular, en lo que respecta a los conflictos permanentes de interš que nacen del incumplimiento de la obligacin̤ de no competencia, as ̕como del desarrollo de cualesquiera otras actividades que posicionan al administrador en una situacin̤ de constante conflicto con el interš social de la sociedad tutelada. Este libro pretende dar respuesta a las ml︢tiples cuestiones que plantea este novedoso rǧimen, muy especialmente, en relacin̤ con la dispensa de esta tipologa̕ de conflictos y las medidas previstas para prevenirlos, adems̀ de para poner fin a los mismos. El cese del administrador incurso permanentemente en conflicto constituye la respuesta ms̀ firme prevista en la vigente Ley de Sociedades de Capital a la que este trabajo presta una especial atencin̤.
|
| 506 |
1 |
|
|a Disponible solo en los productos indicados
|d vLex Global
|d vLex Global (Academic Edition, excluding Law Schools)
|d vLex Global (U.S. Academic Edition, Law Schools)
|d vLex Global (U.S. Academic Edition, excluding Law Schools)
|d vLex Global (Academic Edition, Law Schools)
|
| 650 |
0 |
4 |
|a Derecho Mercantil y de la Empresa
|z Espaą
|
| 650 |
0 |
4 |
|a Sociedades
|z Espaą
|
| 740 |
0 |
|
|a vLex Libros (Servicio en ln̕ea)
|
| 856 |
4 |
0 |
|u https://app.vlex.com/#/sources/33622
|z Acceso restringido
|
| 942 |
|
|
|c BOOK
|
| 999 |
0 |
|
|a Commercial and Company Law
|
| 999 |
0 |
|
|a Companies
|